=LDR 00000nam 2200000 4500 =001 000762 =005 20250712014236 =035 ##$$a 0010-0725000630 =007 ta =008 250712################a##########0#ind## =020 ##$$a 978-623-472-008-2 =082 ##$$a 398.209 598 =084 ##$$a 398.209 598 MAN k =100 #$$a Manickavel, Kuzhali =245 1#$$a Keseruan bersama Verti dan Hori /$c Kuzhali Manickavel =250 ##$$a Cetakan Pertama =260 ##$$a Jakarta :$b Badan Pengembangan dan Pembinaan Bahasa,$c 2024 =300 ##$$a 20 hlm. : $b ilus. ; $c 22,9 cm =650 #4$$a Cerita Anak Indonesia-Terjemahan-Inggris =650 #4$$a Literasi-Bahan Bacaan =856 ##$$a TBM As Suhada =990 ##$$a TBM202400710